| 000 | 00706nam a2200241 a 4500 | ||
|---|---|---|---|
| 001 | 51791 | ||
| 003 | BD-RjUL | ||
| 005 | 20211209075719.0 | ||
| 008 | 160904r19691960nyuab 001 0 eng | ||
| 035 | _a(BD-RjUL)51911 | ||
| 040 |
_aDLC _cDLC _dEQO _dBD-RjUL _beng |
||
| 041 | _aeng | ||
| 082 |
_a530 _223 _bWHM 1969 |
||
| 100 | 1 |
_aWhite, Harvey Elliott, _d1902-1988. _9125860 |
|
| 245 | 1 | 0 |
_aDescriptive college physics / _cHarvey E. White. |
| 250 | _a3rd (Modern Asia) ed. | ||
| 260 |
_aNew Jersey : _bVan Nostrand Reinhold, _c1960, [reprinting 1969] |
||
| 300 |
_ax, 824 p. _bill. ; _c23 cm. |
||
| 500 | _aIncludes index | ||
| 650 | 0 |
_aPhysics. _9154926 |
|
| 942 |
_2ddc _cBK |
||
| 999 |
_c51791 _d51791 |
||